000 00789nam a2200217Ia 4500
005 20241129111304.0
008 241129s9999||||xx |||||||||||||| ||und||
037 _aTB
040 _aCRL
_bpun
_cCRL
041 _apun
_2pun
084 _aO153,2:g Q0
_qCRL
100 _aਸਿੰਘ, ਪਾਲੀ ਭੁਪਿੰਦਰ, ਚ।
245 0 _aਪੰਜਾਬੀ ਨਾਟਕ ਅਤੇ ਨਾਟ ਚਿੰਤਨ
_cਸਿੰਘ, ਪਾਲੀ ਭੁਪਿੰਦਰ, ਚ।
260 _aਲੁਧਿਆਨਾ, ਭਾਰਤ
_bਚੇਤਨਾ ਪ੍ਰਕਾਸ਼ਨ
_c2010
300 _a152ਪ੍ਰ0
365 _aINR
_b200
546 _aTranslated from Hindi to Punjabi.
650 _aPunjabi LiteratureDrama
_9726332
942 _cTB
_hO153,2:g Q0
999 _c1229761
_d1229761